Slovensko a Európska únia /

Gespeichert in:
Bibliographische Detailangaben
1. Verfasser: Hajšel, Peter (Verfasst von)
Format: Buch
Sprache:Slowakisch
Veröffentlicht: Bratislava: Delegácia Európskej komisie v SR, 2002
Ausgabe:1. vyd.
Schlagworte:
Tags: Tag hinzufügen
Keine Tags, Fügen Sie das erste Tag hinzu!

MARC

LEADER 00000nam a22000003a 4500
001 0024650
003 SK-STU
005 20170620134827.2
007 ta
008 170620s ----xo-----e------000-0-----d
020 |a 80-968152-8-8 
040 |a STU  |b slo 
041 0 |a slo  |h slo 
044 |a xo 
100 1 |a Hajšel, Peter  |4 aut 
245 1 0 |a Slovensko a Európska únia /  |c aut. Peter Hajšel 
250 |a 1. vyd. 
260 |a Bratislava:  |b Delegácia Európskej komisie v SR,  |c 2002 
300 |a 50 s. 
650 0 7 |a Európska únia 
996 |b 284V040562  |c V* 9386/K-2466  |l VVT  |s A  |a 24  |w 0024650_0001